00316nam a2200109Ia 4500008004000000082001800040100001200058245005000070260004200120300000700162650003700169210210b1978 xxu||||| |||| 00| 0 eng d a346.0682 INDI aINDIAN. aINDIAN PARTNERSHIP act . Act no xxvi of 1932. aAllahabadbAllahabad Law Agencyc1978 a20 aIndian partnership act Bare act